Tottenham Hotspur Squad 2019-2020 - Statistics

General Stats
  • This quiz has been taken 60 times
  • The average score is 22 of 31
Answer Stats
# Position Nation Player % Correct
10 FW England Harry Kane
100%
7 FW South Korea Heung-min Son
100%
1 GK France Hugo Lloris
100%
5 DF Belgium Jan Vertonghen
98%
6 DF Colombia Davinson Sánchez
94%
8 MF England Harry Winks
92%
4 DF Belgium Toby Alderweireld
92%
20 MF England Dele Alli
90%
15 MF England Eric Dier
90%
11 FW Argentina Erik Lamela
90%
23 MF Denmark Christian Eriksen
88%
17 MF France Moussa Sissoko
88%
33 DF Wales Ben Davies
84%
- Coach Portugal José Mourinho
84%
27 FW Brazil Lucas Moura
84%
- Coach Argentina Mauricio Pochettino
84%
3 DF England Danny Rose
80%
24 DF Ivory Coast Serge Aurier
80%
13 GK Netherlands Michel Vorm
78%
12 MF Kenya Victor Wanyama
78%
18 MF Argentina Giovani Lo Celso
74%
23 FW Netherlands Steven Bergwijn
60%
28 MF France Tanguy Ndombélé
58%
22 GK Argentina Paulo Gazzaniga
48%
21 DF Argentina Juan Foyth
46%
29 MF England Oliver Skipp
44%
16 DF England Kyle Walker-Peters
34%
30 MF Portugal Gedson Fernandes
30%
39 DF England Japhet Tanganga
28%
41 GK England Alfie Whiteman
22%
19 MF England Ryan Sessegnon
18%
No matching quizzes found
Score Distribution
Percent of People with Each Score
Percentile by Number Answered
Your Score History
You have not taken this quiz